000 00902nas a2200289 4500
001 BR7307911
003 BR-BrBNA
005 20231205082636.0
007 ta
008 230509b bl.|||p| |||| 00| 00por d
040 _aBR-BrBNA
_bpor
_cBiblioteca Nacional de Agricultura
041 _a(Pt)
072 _aQ10; E70
100 1 _aBecker, C.C. (Instituto Rio Grandense do Arroz, Alegrete (Brazil))
245 1 _aPioneirismo em granelizacao do arroz [Cooperativa; Secagem; Rio Grande do Sul; Brasil]
650 _aTecnologia de alimento
650 _aComercializacao
650 _aArroz
650 _aSecagem
650 _aArmazenamento
650 _aCooperativa
650 _aSemente
650 _aRio Grande do Sul
773 0 _tLavoura Arrozeira (Brazil)
_xISSN 0023-9143
_g(May 1975), v. 28(285) p. 39-40
_wBR7307911
909 _a202311
_bLúcia
_c55
_dLúcia Elande
942 _2AGRIS
_n0
_cANA
999 _c93439
_d93439